Celebrity culture and the myth of oceania in Britain, 1770-1823 (Record no. 999589)

MARC details
000 -LEADER
fixed length control field 00832nam a2200265Ia 4500
003 - CONTROL NUMBER IDENTIFIER
control field OSt
005 - DATE AND TIME OF LATEST TRANSACTION
control field 20221005092944.0
008 - FIXED-LENGTH DATA ELEMENTS--GENERAL INFORMATION
fixed length control field 221004b |||||||| |||| 00| 0 eng d
020 ## - INTERNATIONAL STANDARD BOOK NUMBER
International Standard Book Number 9781783274086 (hbk)
037 ## - SOURCE OF ACQUISITION
Terms of availability Textual
040 ## - CATALOGING SOURCE
Original cataloging agency CRL
Transcribing agency CRL
Language of cataloging eng
041 ## - LANGUAGE CODE
Source of code eng
Language code of text/sound track or separate title eng
100 ## - MAIN ENTRY--PERSONAL NAME
Personal name Scobie Ruth Au.
9 (RLIN) 617937
245 #0 - TITLE STATEMENT
Title Celebrity culture and the myth of oceania in Britain, 1770-1823
260 ## - PUBLICATION, DISTRIBUTION, ETC.
Place of publication, distribution, etc. New York
Name of publisher, distributor, etc. The Boydell Press USA
Date of publication, distribution, etc. 2019
300 ## - PHYSICAL DESCRIPTION
Extent vii,208p.
Dimensions cm.
490 ## - SERIES STATEMENT
Series statement Studies in the eighteenth century
650 ## - SUBJECT ADDED ENTRY--TOPICAL TERM
Topical term or geographic name entry element GREAT BRITAIN - HISTORY
942 ## - ADDED ENTRY ELEMENTS (KOHA)
Classification part V3.M, Q9
Koha item type Textual
Source of classification or shelving scheme
Holdings
Withdrawn status Lost status Damaged status Not for loan Home library Current library Date acquired Source of acquisition Total Checkouts Full call number Barcode Date last seen Price effective from Koha item type
        Central Library Central Library 2022-10-05 606, 05/02/2020, Sunrise Books   V3.M Q9 CL1662388 2022-10-05 2022-10-05 Textual
Copyright @ Delhi University Library System